000 00508nam a2200169 i 4500
001 49881
003 ES-MaACL
005 20230906162059.0
007 t|
008 030724s1954 fr ||||1| fre d
100 1 _aCraplet, C.
_941447
245 1 0 _aStatistique appliquée á la biologie
_b: (demonstration expérimentale des lois statistiques) /
_cC. Craplet.
250 _a1e ed.
260 _aParis :
_bVigot Frères,
_c1954.
300 _aXII, 155 p. ;
_c26 cm.
852 _aES-MaACL
_jC-15362
_bR.43220
999 _c49881
_d49881